| 000 | 00557nam a2200205 a 4500 | ||
|---|---|---|---|
| 005 | 20140414132109.0 | ||
| 008 | 100902s19uu xx 00 eng d | ||
| 020 | _a | ||
| 050 |
_aTR _bC69 2009 |
||
| 100 | _aCollins, Suzanne | ||
| 245 |
_aMockingjay / _cSuzanne Collins. |
||
| 260 |
_aNew York : _bScholastic, _c2010. |
||
| 440 | _a | ||
| 500 | _a Strictly for G7 students and above level age use. | ||
| 520 | _a | ||
| 650 |
_aInsurgency _xFiction |
||
| 650 |
_aSurvival _xFiction |
||
| 650 |
_aInterpersonal relations _xFiction |
||
| 999 |
_c114698 _d114698 |
||